000 00560nam a22001817a 4500
999 _c9188
_d9188
008 210326b ||||| |||| 00| 0 eng d
040 _aBMS College of Architecture
100 _aDhar, Tutul
245 _aProposed I. T. Center at Technopark Tiruvanathpuram Kerela
300 _aNA
500 _a1BM00AT040
502 _8B.Arch
_NBMS College of Architecture, Visvesvaraya Technological University
_aProject report
_d2009
650 _aTiruvanathpuram
650 _aKerela
700 _aK Manjula
_eGuide
700 _aSatish Rao
_eGuide
942 _2ddc
_cTHE